000 00178 a2200097 4500
020 _a8437602734
041 _aspa
100 _aMarin, Juan
245 _aFuente ovejuna
942 _cBK
999 _c3072
_d3072